El nuevo régimen de contrataciones y la sustantividad del contrato administrativo (Registro nro. 24118)

Detalles MARC
000 -LEADER
fixed length control field 00393 a2200109 4500
001 - CONTROL NUMBER
control field ART_39998
005 - DATE AND TIME OF LATEST TRANSACTION
control field 20260410161841.0
008 - FIXED-LENGTH DATA ELEMENTS--GENERAL INFORMATION
fixed length control field 260409a
100 1# - MAIN ENTRY--PERSONAL NAME
Personal name Barra, Rodolfo Carlos
245 10 - TITLE STATEMENT
Title El nuevo régimen de contrataciones y la sustantividad del contrato administrativo
773 0# - HOST ITEM ENTRY
Title RAP
Related parts Régimen de contrataciones y compre nacional - Año 24 (feb. 2002)
Record control number REV5941

No hay ítems disponibles.